[Event "World Team Ch"]
[Site "Beer Sheva ISR"]
[Date "2005.11.09"]
[Round "8"]
[White "Dominguez, Lenier"]
[Black "Gulko, Boris F"]
[Result "1-0"]
[WhiteElo "2635"]
[BlackElo "2577"]
[Annotator "Rahal, M"]
[PlyCount "63"]
[EventDate "2005.11.01"]
[Source "EDAMI"]
[SourceDate "2006.12.20"]

{El equipo cubano jugó a un nivel bastante flojo en el mundial, terminando
penúltimo en la clasificación. Especialmente desafortunada fue la actuación de
su primer tablero Lázaro Bruzón, con 1.5 de 7. Sin embargo, Lenier estuvo muy
sólido, con 7 tablas y una victoria, que vamos a ver a continuación. Domínguez
vence en buen estilo al segundo tablero de Estados Unidos Boris Gulko.} 1. e4
c5 2. Nf3 d6 3. d4 cxd4 4. Nxd4 Nf6 5. Nc3 Nc6 6. Bg5 e6 7. Qd2 Be7 8. O-O-O
O-O 9. f3 a6 10. h4 {# Tenemos una posición bastante típica en el ataque
Richter-Rauzer contra la variante clásica de la Defensa Siciliana. Las blancas
inician el ataque en el flanco de rey, consistente en el avance de los peones
"h" y "g" lo más arriba posible, con el fin de abrir una brecha en el enroque
de las negras.} Nxd4 {La jugada principal, aunque se han intentado otras
opciones como 10...Qc7, 10...d5 o 10...Bd7.} 11. Qxd4 b5 {
Esta es la idea de cambiar previamente en d4.} ({
Una partida anterior de Lenier con esta variante había seguido} 11... Qa5 12.
Kb1 b5 13. Qd2 {Amenaza Nd5!} b4 14. Ne2 e5 15. Ng3 $5 $146 Be6 16. b3 Rfc8 (
16... Rfd8 $5) 17. Bd3 Rc5 (17... Ra7 $5) 18. Nh5 {
Las blancas juegan activamente, creando problemas a su adversario.} Nxh5 19.
Bxe7 Rac8 $2 ({era mejor} 19... Rc6 $5 20. Qg5 Qc7 21. Bxd6 Rxd6 22. Qxh5 Qc3
$44) 20. Bxd6 Rc3 21. Qg5 $1 $16 f6 22. Qxh5 Qa3 23. Bxe5 $1 Bf7 $2 (23... Qa5
24. Bxc3 Qxh5 25. Bxb4 $16) (23... g6 24. Qh6 fxe5 25. Qd2 $16) (23... fxe5 24.
Qxe5 $18) 24. Qf5 R8c6 (24... fxe5 25. Bc4 R3xc4 26. bxc4 Re8 27. Qd7 $18) 25.
Bc4 $1 $18 {y las amenazas de mate y la ventaja de material obligaron a las
negras a abandonar en la partida  Dominguez,L - Nijboer,F (Wijk aan Zee 2004)})
12. Kb1 ({Gulko también tiene cierta experiencia en esta variante} 12. e5 dxe5
13. Qxe5 Bd7 14. Bd3 Rc8 15. Kb1 Qc7 16. Qxc7 Rxc7 17. Ne4 Nd5 18. Bxe7 Nxe7
19. c3 Nd5 {con igualdad en la partida  Perelshteyn,E - Gulko,B (San Diego USA
2004). El cambio de damas suele ser inofensivo para las negras en estas
variantes de la Siciliana.}) 12... Qc7 {
12...Bb7 es una importante alternativa para las negras.} 13. Qd2 {Jugada multiu
so. Libera la casilla "d4" para la maniobra Nc3-e2-d4, pero también permite la
opción Bd3 sin temor a ...Qc5 cambiando las damas.} b4 14. Ne2 a5 $146 {
Novedad de Gulko. Su intención es jugar ...Ba6 y cambiar una pieza menor.
También pretende ir avanzando los peones hacía el enroque blanco.} ({
Se había jugado en esta posición} 14... Rd8 15. g4 a5 16. Nd4 e5 17. Nf5 Bxf5
18. exf5 Ne8 19. Bb5 Rac8 20. Qe2 d5 21. Bxe8 Rxe8 22. Rxd5 f6 23. Bc1 a4 24.
b3 axb3 25. cxb3 Red8 26. Rxd8+ Rxd8 27. Rd1 Rxd1 28. Qxd1 Qc6 29. Qd3 $16 {
Shabalov,A - Gonzalez Garcia,J (Buenos Aires 2003)}) 15. Nd4 Ba6 16. Bxa6 Rxa6
17. Qe2 $5 Rb6 18. g4 {# Las blancas están algo mejor. Sus piezas ocupan
posiciones más agresivas (Nd4, Bg5) y cuando el alfil regresa a e3 para jugar
g4-g5 puede ganar algún tiempo atacando la torre en b6.} Rc8 19. h5 {Ahora el n
egro debe decidir si permite h5-h6 o no. El problema es que para evitar esta
jugada tendrá que mover su propio peón de "h" permitiendo más tarde un punto
de choque en g5.} h6 {Quizás 19...a4!? se podía considerar.} (19... Nxe4 $6 20.
Bxe7 Ng3 21. Qd3 Nxh1 22. Bh4 $1 {y el caballo está atrapado}) (19... d5 $6 20.
e5 Ne8 21. Bxe7 Qxe7 22. h6 {con ventaja de las blancas}) 20. Be3 Nd7 $6 {
Demasiado lento. Además, el caballo se echará de menos en el flanco de rey.} (
20... d5 21. g5 hxg5 22. h6 {y las blancas tienen un fuerte ataque.}) (20... a4
{de nuevo es la jugada crítica}) 21. Rhg1 $1 {
La otra torre debe quedarse defendiendo el caballo.} Bf6 22. g5 hxg5 23. Bxg5
Kh8 24. Bxf6 Nxf6 25. Rg5 $1 {Buena jugada del joven jugador cubano. Amenaza
doblar torres, pero además controla importantes casillas en la quinta fila.} a4
26. Qd2 {No es mala, pero 26.Rd-g1 parece aún más fuerte.} Qe7 27. Rdg1 Rg8 {
Las blancas tienen una posición dominante. Falta la incorporación de la dama.}
28. Qg2 $1 Ne8 {# Gulko ha defendido lo mejor posible su posición, y ahora 29.
h6 g6 no es lo que el blanco quiere, ya que el objetivo es abrir columnas y no
cerrarlas. Lenier encuentra una elegante solución.} 29. Rg6 $3 {
Amenazando 30.Rh6! y mate. Las negras están perdidas} Qf8 ({
La torre no se puede tomar} 29... fxg6 30. hxg6 Qh4 (30... Rf8 31. Qh1+ Kg8 32.
Qh7#) 31. Rh1 Qh6 32. Nxe6 $18) ({tampoco sirve} 29... Kh7 30. h6 $1 fxg6 31.
Qxg6+ Kh8 32. Rh1 $1 {y mate en pocas}) 30. Nxe6 $1 {
Otro sacrificio destructor, aunque 30.h6 también ganaba.} (30. h6 fxg6 31. Nxe6
Qf6 32. Qh3 $18) 30... fxe6 31. h6 Qf7 32. Rh1 $1 1-0

[Event "WJun"]
[Site "Instanbul TUR"]
[Date "2005.11.11"]
[Round "3"]
[White "Wang Hao"]
[Black "Nava, Roderick"]
[Result "1-0"]
[WhiteElo "2519"]
[BlackElo "2317"]
[Annotator "Martin, A"]
[PlyCount "41"]
[EventDate "2005.11.09"]
[Source "EDAMI"]
[SourceDate "2006.12.20"]

1. e4 c5 2. Nf3 d6 3. d4 cxd4 4. Nxd4 Nf6 5. Nc3 a6 6. Be3 e6 7. f3 b5 8. Qd2
b4 {Este sistema con un rápido ...b4 contra el ataque Inglés ha sido
popularizado en los últimos tiempos por Topalov, aunque se presenta más a
menudo con la inclusión de las jugadas g2-g4 y ...h7-h6.} 9. Na4 ({Las negras
btienen buenos resultados con la retirada del caballo a e2, por ejemplo en la
partida Kramnik-Topalov. Sofia 2005 se jugó} 9. Nce2 e5 10. Nb3 Nc6) 9... Nbd7
10. O-O-O d5 {Así se jugó en la importante partida Leko-Topalov de la primera
ronda en San Luis 2005, donde el nuevo campeón mundial experimentó bastantes
problemas en la apertura. La presente partida no parece aportar soluciones a
la causa negra.} 11. exd5 Nxd5 12. Bc4 Bb7 ({Topalov jugó} 12... N7f6 13. Bg5
Qc7 {pero tras} 14. Bxd5 Nxd5 15. Rhe1 {las blancas quedaron con una clara
superioridad de desarrollo. Ver partida en PDR 48, pag 8}) 13. Rhe1 Qa5 ({
Después de esto las blancas desarrollan un ataque decisivo. Había que jugar} 
13... Be7 {aunque tras} 14. Bxd5 Bxd5 15. Nf5 O-O 16. Bb6 Nxb6 17. Nxe7+ Kh8
18. Nxb6 Qxb6 19. Nxd5 exd5 20. Qxd5 {
no se ve ninguna compensación por el peón.}) 14. Nxe6 $1 fxe6 (14... Qxa4 15.
Bxd5) 15. Bb6 $1 Qxa4 (15... N7xb6 16. Rxe6+ Be7 17. Nxb6 Nxb6 18. Rxe7+ {
con rápido mate.}) 16. Bxd5 Be7 ({Si} 16... Bxd5 17. Qxd5 {ganando.}) 17. Bxb7
Nxb6 18. Rxe6 O-O 19. Rxe7 Qxa2 20. Qd4 Rf6 21. Bxa8 1-0

[Event "WJun"]
[Site "Instanbul TUR"]
[Date "2005.11.17"]
[Round "8"]
[White "Alekseev, Evgeny"]
[Black "Mamedyarov, Shakhriyar"]
[Result "0-1"]
[WhiteElo "2632"]
[BlackElo "2674"]
[Annotator "Martin, A"]
[PlyCount "92"]
[EventDate "2005.11.09"]
[Source "EDAMI"]
[SourceDate "2006.12.20"]

1. c4 Nf6 2. Nc3 g6 3. e4 {La defensa Grunfeld es el arma favorita de
Mamedyarov cuando juega con negras, pero el orden de jugadas empleado por su
adversario lo evita. Aunque la India de Rey es también habitual en su
repertorio, de ahí que Alekseev prefiera mantenerse en los esquemas de la
Apertura Inglesa.} d6 4. g3 Bg7 5. Bg2 O-O 6. Nge2 c5 7. d3 Nc6 8. O-O a6 {
Finalmente hemos llegado a una posición habitual de la Inglesa simétrica,
donde las negras buscan juego en el flanco de dama preparando el avance ...
b7-b5.} 9. h3 Rb8 10. a4 Bd7 11. Be3 Ne8 {Para llevar el caballo a c7 y apoyar
...b5, una maniobra muy frecuente en estas posiciones. La reacción central que
ahora siguen las blancas está considerada la mejor.} 12. d4 cxd4 13. Nxd4 Nc7
14. Kh2 {Una medida profiláctica que defiende el peón h3. Parece más lógica} (
14. a5 {para frenar la expansión ...b5, pero contra ello las negras tienen dos
buenas respuestas:} Qc8 ({o bien} 14... Ne6 15. Nb3 {
(hay que defender el peón a5)} Ne5 16. Qh5) 15. Kh2 Nxd4 16. Bxd4 Bxd4 17. Qxd4
Ne6 18. Qd3 Nc5 19. Qe3 Be6) 14... Ne6 ({
Estando la torre en a1 el plan de avanzar ...b5 es más flojo:} 14... Nxd4 15.
Bxd4 b5 16. cxb5 axb5 17. a5 $1 {y el peón pasado blanco resulta muy fuerte.})
15. Nde2 Na5 16. b3 b5 17. cxb5 axb5 18. b4 ({Es peor} 18. axb5 Bxb5 19. Rb1
Bxe2 20. Nxe2 Rb5 {seguido de ...Qb8 y las blancas tienen muchas dificultades
para defender su peón aislado en b3.}) ({Tampoco la modesta} 18. Rb1 bxa4 19.
bxa4 Nc4 20. Rxb8 Qxb8 21. Bc1 Nc5 {ofrece gran cosa a las blancas.}) 18... Nc4
19. Ba7 bxa4 $5 ({Un interesante sacrificio de calidad, aunque la idea no es
nueva. Resulta que la posición del diagrama ya se había jugado en dos partidas,
aunque con los colores cambiados y el rey blanco en g1. En la primera de ellas
(Tonoli-Pirisi. Sas van Gent 1990) las negras entregaron la calidad de otro
modo:} 19... Nb2 20. Qc2 Nxa4 21. Bxb8 Qxb8 {pero su rival la devolvió con} 22.
Nd5 Bxa1 23. Nxe7+ Kg7 24. Rxa1 {con perspectivas favorables. En la segunda
partida (Bui Vinh - Flumbort. Budapest 2003) las negras (allí eran las blancas)
cambiaron en a4. ?Conocía Mamedyarov esa partida y tenía analizada esa idea o
se le ocurrió sobre el tablero? Es difícil contestar a esa pregunta}) 20. Bxb8
Qxb8 21. Nd5 ({Una jugada natural. En la partida de referencia que hemos
mencionado, las blancas jugaron} 21. Rb1 Rc8 22. Nxa4 {
tras lo cual su rival pudo recuperar la calidad con} Bxa4 23. Qxa4 Nd2 {
con juego igualado. Aquella partida siguió 24.Rbc1 Nxf1 (recuérdese que el rey
estaba en g1. En la presente posición, esto sería jaque) 25.Rxc8 Qxc8 26.Bxf1
Nd4 27.Nxd4 Bxd4 y se acordaron tablas.}) 21... Re8 22. Ra2 ({Las blancas
mantienen bajo control el peón pasado negro, aunque también merecía
considerarse} 22. Rc1 Bb5 23. f4 {con vista de un rápido f5-f6.}) 22... Nd8 23.
Qc2 e6 24. Ndf4 $6 ({Si} 24. Qxc4 exd5 25. Qxd5 (25. exd5 Bb5 26. Qg4 f5 27.
Qf3 Bc4 {es favorable a las negras}) 25... Qxb4 {las negras, con su peón
pasado y pareja de alfiles, tienen buena compensación por la calidad. Menos
claro es} (25... Be6 26. Qa5 Bxa2 27. Qxa4 Ne6 28. Qxa2 Qxb4 {porque el peón
en d6 queda bastante débil, lo que otorga cierta ventaja a las blancas.})) ({
Sin embargo, la línea crítica debe ser} 24. Ndc3 {
atacando inmediatamente el peón a4.} Nb6 ({Ahora si} 24... Qxb4 25. Rb1 Qc5 26.
Nxa4 {las blancas quedan claramente mejor, por lo que hay que seguir}) (24...
a3 $6 25. Qb3 Qc7 26. Rc1) 25. b5 Nb7 (25... Qc7 26. Rc1) 26. Nxa4 Nxa4 27.
Qxa4 Nc5 {seguido de la captura en b5, llegando a una posición donde las
negras tienen cierta compensación por la calidad, pero probablemente
insuficiente para aspirar a algo más que a tablas.}) 24... Nb6 25. Rc1 Nc6 26.
Nd3 Na7 27. Qd2 ({si} 27. Nc3 {sería molesto} Rc8 28. Qd2 a3) ({
Tampoco era satisfactorio buscar simplificaciones con} 27. Qc7 Bb5 28. Rd2 Qxc7
29. Rxc7 Nc6 30. Rb7 Rb8 31. Rxb8+ Nxb8 {
y las posibilidades de las negras parecen preferibles.}) 27... Bb5 28. Nc3 $6 (
{Después de esto las negras recuperan material. Algo mejor era impedir la
maniobra que ahora sigue con} 28. Nb2 {con idea de seguir con 29.Nc3. Es
cierto que las negras igualmente podrían recuperar la calidad mediante} a3 29.
Rxa3 Bxb2 30. Qxb2 Nc4 31. Rxc4 Bxc4 32. Nc3 {
pero las posibilidades son equivalentes.}) 28... Bc4 29. Nxa4 ({
Practicamente forzado, ya que} 29. Ra3 Nb5 30. Nxb5 Bxb5 {
con la amenaza ...Nc4, sería ventajoso para las negras, por ejemplo} 31. Nb2
Qa7 {seguido de ...Bxb2 y Nc4, conservando el peón "a" pasado.}) 29... Bxa2 30.
Qxa2 Nd7 {Las negras tienen ya mejor juego. Sus piezas están mejor colocadas y
el peón pasado blanco es sobre todo una debilidad por estar aislado y su
avance bien controlado.} 31. Nab2 h5 32. h4 {Permitir ...h4 sería molesto,
pero ahora se debilita la casilla g4 donde pronto llegará un caballo negro.}
Nb5 33. Nc4 Nf6 34. Kg1 Rc8 35. Qd2 ({Algo mejor era} 35. Ne3 Nc3 36. Qc2)
35... Ng4 36. Na5 {Buscando el cambio de torres que aliviaría algo la posición
blanca, o también el salto del caballo a c6. Las negras impiden ambas cosas y
el caballo quedará desplazado por mucho tiempo. De todas formas la posición
blanca resulta difícil de mejorar. Por ejemplo si} (36. Ne3 Bc3 {
seguido de ...Nxe3.}) 36... Bc3 37. Qd1 Rc7 38. Bf1 {Esto desprotege la
casilla f3 y el contrajuego que buscan las blancas sobre el caballo de b5 no
se podrá llevar a cabo. Tal vez traer el caballo con} (38. Nb3 {
hubiera sido una defensa mejor.}) 38... Qa7 39. Qa4 $6 {Este alejamiento de la
dama permite a las negras iniciar el asalto final al rey blanco.} Nxf2 $1 40.
Nxf2 Qe3 41. Qd1 ({Las blancas disponían de una defensa ingeniosa con} 41. Nc6
{pues el caballo no puede ser tomado por el jaque en a8. De todas formas con}
Nd4 42. Rxc3 (42. Nxd4 $2 Bxd4) 42... Qxc3 43. Nxd4 Qxg3+ {
seguido de ...Rc1 las negras ganan.}) 41... Bd4 42. Rc2 Qxg3+ 43. Bg2 Be3 44.
Nb3 ({El caballo trata de regresar pero ya es tarde y además las negras pueden
ahora ganar esta pieza. Pero ya no había defensa, pues evidentemente si} 44.
Rxc7 Qxf2+ 45. Kh2 Bf4+ 46. Kh1 Qxh4+ 47. Kg1 Be3+ {seguido de mate.}) 44...
Rxc2 45. Qxc2 Bxf2+ 46. Qxf2 Qxb3 0-1

[Event "Cto. Esp. Ind."]
[Site "Lorca"]
[Date "2005.11.17"]
[Round "8"]
[White "Lopez Martinez, Josep Manuel"]
[Black "Illescas Cordoba, Miguel"]
[Result "0-1"]
[WhiteElo "2505"]
[BlackElo "2607"]
[Annotator "Illescas, M"]
[PlyCount "112"]
[EventDate "2005.11.10"]
[EventType "tourn"]
[EventRounds "9"]
[EventCountry "ESP"]
[Source "EDAMI"]
[SourceDate "2006.12.20"]

{Días antes había observado la preciosa partida en la que Rivas ganó llevando
su rey de g1 a h6 para dar mate sobre el enroque enemigo. En cierto modo esto
pudo servirme de inspiración para enviar mi propio rey al largo viaje de g8 a
c2.} 1. e4 c5 2. Nf3 Nc6 3. d4 cxd4 4. Nxd4 Nf6 5. Nc3 e5 6. Ndb5 d6 7. Bg5 a6
8. Na3 b5 9. Nd5 Be7 10. Bxf6 Bxf6 11. c3 Bb7 12. Nc2 Nb8 13. g3 {DIAGRAMA 1} (
{El planteo de las negras se "refutó" oficialmente tras:} 13. a4 bxa4 14. Rxa4
Nd7 15. Rb4 Nc5 16. Rxb7 Nxb7 17. b4 Bg5 18. Na3 O-O 19. Nc4 a5 20. Bd3 axb4
21. cxb4 Qb8 22. h4 Bh6 23. Ncb6 Ra2 24. O-O Rd2 25. Qf3 Qa7 26. Nd7 Nd8 27.
Nxf8 Kxf8 28. b5 $16 {Kasparov,G-Shirov,A/Horgen 1994 (36)}) 13... Bg5 ({
Peor es} 13... Nd7 14. h4 $1 O-O 15. Nce3 $14 {
Polgar,S-Ochoa de Echaguen,F/Las Palmas 1994}) 14. Bg2 O-O ({Mejor que} 14...
Nd7 15. h4 $1 Bh6 16. g4 g6 17. g5 Bg7 18. Qd2 h6 19. O-O-O $14 {
De Firmian,N-McShane,L/Roskilde 1998}) 15. h4 $5 {
Un intento directo de refutar el planteo negro.} ({
Se había jugado la inofensiva} 15. O-O Nd7 16. Kh1 Nb6 17. Nxb6 Qxb6 18. Nb4
Qc5 $11 {Sulypa,A-Nunn,J/France 1999}) 15... Bh6 16. g4 Bf4 17. Nxf4 exf4 18.
Qd2 Nc6 $1 (18... Qf6 19. O-O-O f3 20. g5 Qe6 21. Bxf3 Qxa2 22. Nb4 $16) 19.
Qxf4 Ne5 {DIAGRAMA 2} 20. Qg3 ({
Ambos jugadores coincidimos tras la partida en que era mejor} 20. O-O-O a5 $132
{y las negras se verán obligadas a jugárselo todo a la carta del ataque.})
20... Qc8 $1 21. O-O-O (21. g5 f5 $1) 21... Qxg4 22. Qxg4 (22. Rxd6 Qxg3 23.
fxg3 f5 $15) 22... Nxg4 23. Rd2 ({López se lamentaba de no haber jugado} 23.
Rxd6 Nxf2 24. Rf1 Ng4 25. Rb6 $11) 23... f5 24. f3 Ne5 25. Ne3 (25. Rxd6 fxe4
26. fxe4 Rf2 27. Rg1 Raf8 $44) 25... fxe4 26. fxe4 {DIAGRAMA 3} Rf2 $1 {
La posición blanca es algo incómoda por la debilidad de su peón en h4 y su
pasivo alfil en g2. Aun así la tarea de las negras dista de ser fácil por las
debilidades del flanco de dama.} 27. Rhd1 (27. Rxf2 Nd3+ 28. Kc2 Nxf2 29. Rf1
Bxe4+ 30. Bxe4 Nxe4 $15) (27. Rxd6 Re2 28. Rh3 Rf8 $17) 27... Raf8 28. Rxf2 (
28. Rxd6 $2 Re2 29. Re6 Ng6 $17) 28... Rxf2 29. Rxd6 $1 {
López encuentra un recurso fantástico para mantener el equilibrio.} (29. Rd2
Rf6 $17) 29... Re2 30. Nf5 Rxg2 31. Rd8+ Kf7 32. Nd6+ Ke7 33. Nxb7 Rh2 34. Rd5
Nc4 $5 ({Rechazando las tablas que podrían darse tras} 34... Rh1+ 35. Kc2 Rh2+
36. Kc1 Rh1+ $11) 35. b3 Ne3 36. Rd3 Ng4 37. Nd6 (37. Nc5 $5 Rxh4 38. Rd7+ Kf6
39. Rd6+ Ke5 40. Rxa6 $13) 37... g6 38. Nc8+ Ke6 39. Rd6+ Ke5 40. Rxa6 Nf2 41.
Ra5 Nd3+ (41... Kxe4 $5 42. Rxb5 Kd3 $36) 42. Kb1 (42. Kd1 Kxe4 $17) 42... Kxe4
43. Ra7 $2 (43. Rxb5 $1 Rh1+ 44. Kc2 Rh2+ 45. Kb1 Rh1+ $11) (43. Nd6+ $2 Ke3
$17) {DIAGRAMA 4} 43... Ke3 $1 44. a4 $8 {Aquí agoté gran parte de mi ventaja
de tiempo tratando de encontrar el modo de tejer una red de mate.} Kd2 $1 45.
Rc7 (45. Nd6 $1 Kxc3 46. Nxb5+ Kxb3 47. Nd4+ Kc4 48. Nf3 $17) 45... Rh1+ $1 46.
Ka2 Kc2 $1 {DIAGRAMA 5} (46... bxa4 47. bxa4 Rxh4 48. Kb3 $11) 47. axb5 (47.
Re7 Kxc3 48. Rc7+ Kb4 49. Rc2 Rxh4 50. axb5 Kxb5 $19) 47... Rb1 $1 48. Re7 $8 (
48. b6 Rxb3 49. b7 Nc1+ $19) 48... Rxb3 (48... Rb2+ $1 49. Ka3 Kb1 $1 $19 50.
b4 Nc1) 49. Re2+ $8 Kxc3 50. Ka1 (50. Re3 Rxb5 51. Ne7 Rb2+ 52. Ka1 Rh2 53. Re4
Kb3 $19) 50... Rxb5 51. Nd6 Re5 $1 {DIAGRAMA 6} 52. Rxe5 (52. Rh2 Re1+ 53. Ka2
Nb4+ 54. Ka3 Ra1+ 55. Ra2 Rxa2#) (52. Ne4+ Kd4 $19) 52... Nxe5 53. h5 (53. Ne4+
Kd4 54. Ng5 h5 $19) 53... gxh5 54. Kb1 h4 55. Kc1 Kd3 56. Kd1 h3 0-1

[Event "Cto. Esp. Ind."]
[Site "Lorca"]
[Date "2005.11.18"]
[Round "9"]
[White "Illescas Cordoba, Miguel"]
[Black "Lopez Martinez, Josep Manuel"]
[Result "1/2-1/2"]
[WhiteElo "2607"]
[BlackElo "2501"]
[Annotator "Illescas, M"]
[PlyCount "35"]
[EventDate "2005.11.10"]
[EventType "tourn"]
[EventRounds "9"]
[EventCountry "ESP"]
[Source "EDAMI"]
[SourceDate "2006.12.20"]

1. d4 d5 2. c4 dxc4 3. Nf3 Nf6 4. e3 g6 5. Bxc4 Bg7 6. O-O O-O 7. Nc3 Ne8 {
DIAGRAMA 1} 8. Bb3 Nd6 9. h3 b5 10. Re1 Bb7 11. e4 b4 12. Nd5 Nxe4 13. Nxb4 c5
14. dxc5 Nxc5 15. Bd5 e6 {DIAGRAMA 2} 16. Be3 $1 $146 (16. Bxb7 Nxb7 17. Qe2
$11 {Zagrebelny,S-Malakhov,V/Sochi 2004}) 16... Nbd7 (16... Bxd5 17. Nxd5 exd5
18. Bxc5 Re8 19. Rxe8+ Qxe8 20. Qxd5 $16) (16... exd5 17. Bxc5 Re8 18. Rxe8+
Qxe8 19. Bd4 $16) (16... Bxb2 17. Bxc5 Bxa1 18. Bxb7 Qxd1 19. Rxd1 $18) 17.
Bxb7 Nxb7 18. Nc6 {DIAGRAMA 3} (18. Nc6 Qe8 (18... Qc7 19. Rc1 $16) 19. Bd4 $14
) 1/2-1/2